| 000 | 00925 a2200241 4500 | ||
|---|---|---|---|
| 999 |
_c6345 _d6345 |
||
| 020 | _a0521560438 (hc) | ||
| 020 | _a0521568668 (pbk.) | ||
| 050 | 0 | 0 | _aQH450 HAW 1996 |
| 100 | 1 | _aHawkins, John D. | |
| 245 | 1 | 0 |
_aGene structure and expression / _cJohn D. Hawkins. |
| 250 | _a3rd ed. | ||
| 264 |
_aCambridge: _bCambridge University Press, _c1996 |
||
| 300 |
_a 212 p.: _bill. ; |
||
| 440 | _aCambridge Low Price Editions | ||
| 500 | _aIncludes index | ||
| 504 | _aIncludes bibliographical references (p. [201]-207) and index. | ||
| 650 | 0 | _aGene expression. | |
| 650 | 0 | _aMolecular genetics. | |
| 856 | 4 | 2 |
_3Publisher description _uhttp://www.loc.gov/catdir/description/cam027/95047488.html |
| 856 | 4 | 1 |
_3Table of contents _uhttp://www.loc.gov/catdir/toc/cam025/95047488.html |
| 942 |
_2lcc _cBK _e3rd _h450 _iHAW _kQH |
||